Miradas cruzadas sobre términos de ordenamiento territorial para Iberoamérica /

Bibliographic Details
Other Authors: Gudiño, María Elina (Editor), Vivanco Cruz, Lorena (Editor), López Escolano, Carlos (Editor)
Format: Electronic eBook
Language:Spanish
Published: Cuenca, Ecuador : Universidad del Azuay, Casa Editora, [2025]
Subjects:
Online Access:Digitalia Hispánica

MARC

LEADER 00000nam a2200000 i 4500
001 DIGUAZUAY0315
003 NyNyDIG
007 cr |||||||||||
008 260120s2025 ec a ob 000 0 spa d
006 m o d
035 |a (OCoLC)1536988611 
040 |a DGITA  |b eng  |e rda  |e pn  |c DGITA 
020 |a 9789942577238  |q eBook 
020 |z 9789942577221 
043 |a cl----- 
050 1 4 |a HT395.L3 ebook 
245 0 0 |a Miradas cruzadas sobre términos de ordenamiento territorial para Iberoamérica /  |c compiladores, María Elina Gudiño (coordinadora), Lorena Vivanco Cruz, Carlos López Escolano. 
264 1 |a Cuenca, Ecuador :  |b Universidad del Azuay, Casa Editora,  |c [2025] 
300 |a 1 online resource :  |b illustrations. 
336 |a text  |b txt  |2 rdacontent 
337 |a computer  |b c  |2 rdamedia 
338 |a online resource  |b cr  |2 rdacarrier 
347 |a text file  |2 rdaft 
347 |b PDF 
504 |a Includes bibliographical references. 
588 0 |a Online resource; title from PDF title page (Digitalia, viewed January 20, 2026) 
650 0 |a Regional planning  |z Latin America. 
700 1 |a Gudiño, María Elina,  |e editor. 
700 1 |a Vivanco Cruz, Lorena,  |e editor. 
700 1 |a López Escolano, Carlos,  |e editor. 
791 2 |a Digitalia (Firm),  |e distributor. 
793 0 |g Digitalia eBook Collection:  |a Universidad del Azuay 
776 0 8 |i Print version:  |t Miradas cruzadas sobre términos de ordenamiento territorial para Iberoamérica.  |d Cuenca, Ecuador : Universidad del Azuay, Casa Editora, [2025]  |z 9789942577221 
856 4 0 |3 Digitalia Hispánica  |u https://www.digitaliapublishing.com/a/180879/ 
910 |a Premium collection: 2026